Normal view
MARC view
- Ifra Fiaz Gul (00000319847)
Entry Personal Name
001 - CONTROL NUMBER
- control field: 116777
003 - CONTROL NUMBER IDENTIFIER
- control field: NUST
005 - DATE AND TIME OF LATEST TRANSACTION
- control field: 20230912170039.0
008 - FIXED-LENGTH DATA ELEMENTS
- fixed length control field: 230912|| aca||aabn | a|a d
040 ## - CATALOGING SOURCE
- Original cataloging agency: NUST
- Transcribing agency: NUST
100 ## - HEADING--PERSONAL NAME
- Personal name: Ifra Fiaz Gul (00000319847)
670 ## - SOURCE DATA FOUND
- Source citation: Work cat.: (NUST): Ifra Fiaz Gul (00000319847), Fe/Co Doped ZIF Derived Nitrogen Doped Nanoporous Carbon as Electrode Material for Supercapacitors /, 2022
